Zamestnávanie absolventov

Absolventi stredoškolského a vysokoškolského štúdia a ich zaradenie sa na trhu práce. Ako sa zorientovať v príležitostiach a povinnostiach absolventa. Možnosť pracovať na dohodu o prácach vykonávaných mimo pracovného pomeru. Možnosť samostatnej zárobkovej činnosti. Zaradenie do evidencie uchádzačov...

Ausführliche Beschreibung

Gespeichert in:
Bibliographische Detailangaben
1. Verfasser: Gejdošová, Slavomíra
Format: Buchkapitel
Sprache:Slowakisch
Schlagworte:
Tags: Tag hinzufügen
Keine Tags, Fügen Sie das erste Tag hinzu!

MARC

LEADER 00000naa$a2200000$$$4500
001 0116053
005 20231109100738.1
041 0 |a slo 
044 |a SK 
245 1 0 |a Zamestnávanie absolventov  |c Slavomíra Gejdošová 
520 |a Absolventi stredoškolského a vysokoškolského štúdia a ich zaradenie sa na trhu práce. Ako sa zorientovať v príležitostiach a povinnostiach absolventa. Možnosť pracovať na dohodu o prácach vykonávaných mimo pracovného pomeru. Možnosť samostatnej zárobkovej činnosti. Zaradenie do evidencie uchádzačov o zamestnanie. Absolventi a poistenie. 
610 2 0 |a trh práce 
610 2 0 |a zamestnanie 
610 2 0 |a dohody o vykonaní práce 
610 2 0 |a poistenie sociálne 
610 2 0 |a poistenie zdravotné 
610 2 0 |a absolventi 
610 2 0 |a legislatíva 
100 1 |a Gejdošová, Slavomíra